| 000 | 00859nam a2200289Ia 4500 | ||
|---|---|---|---|
| 003 | OSt | ||
| 005 | 20240918163329.0 | ||
| 008 | 210210b2008 xxu||||| |||| 00| 0 eng d | ||
| 020 | _a8177132512 | ||
| 040 | _cAL | ||
| 041 | _aKannada | ||
| 082 | _a630K KANB | ||
| 100 |
_aKANNADA PUSTAKA PRADHIKARA _dಕನ್ನಡ ಪುಸ್ತಕ ಪ್ರಾಧಿಕಾರ _9179390 |
||
| 245 |
_aBija: nadu taligala jadinalli _bಬೀಜ: ನಾಡು ತಳಿಗಳ ಜಾಡಿನಳ್ಳಿ |
||
| 260 |
_aBengaluru _bKannada Pustaka Pradhikara _c2008 |
||
| 300 | _axiii,108 | ||
| 440 |
_a3 _9179391 |
||
| 650 |
_ataligala _9179392 |
||
| 650 |
_asamputa _9179393 |
||
| 650 |
_anadu _9179394 |
||
| 650 |
_ajadinalli _9179395 |
||
| 650 |
_aBija: _9179396 |
||
| 650 |
_a3 _9179397 |
||
| 690 |
_aAgriculture _9179398 |
||
| 906 | _a064408 | ||
| 942 |
_2ddc _cBK |
||
| 999 |
_c116441 _d116441 |
||